"Don't spare me Shankar" Jawaharlal Nehru. (Record no. 34733)
[ view plain ]
| 000 -LEADER | |
|---|---|
| fixed length control field | 01513nam a22003137a 4500 |
| 003 - CONTROL NUMBER IDENTIFIER | |
| control field | OSt |
| 005 - DATE AND TIME OF LATEST TRANSACTION | |
| control field | 20240330203654.0 |
| 008 - FIXED-LENGTH DATA ELEMENTS--GENERAL INFORMATION | |
| fixed length control field | 240328b |||||||| |||| 00| 0 hin d |
| 020 ## - INTERNATIONAL STANDARD BOOK NUMBER | |
| International Standard Book Number | 9788170111573 |
| 040 ## - CATALOGING SOURCE | |
| Original cataloging agency | NISER LIBRARY |
| Transcribing agency | NISER LIBRARY |
| 041 ## - LANGUAGE CODE | |
| Language code of text/sound track or separate title | English |
| 082 ## - DEWEY DECIMAL CLASSIFICATION NUMBER | |
| Classification number | 741.5:32 |
| Item number | SHA-D |
| 100 ## - MAIN ENTRY--PERSONAL NAME | |
| Personal name | Shankar |
| 245 ## - TITLE STATEMENT | |
| Title | "Don't spare me Shankar" Jawaharlal Nehru. |
| 260 ## - PUBLICATION, DISTRIBUTION, ETC. (IMPRINT) | |
| Place of publication, distribution, etc. | New Delhi: |
| Name of publisher, distributor, etc. | Children's Book Trust, |
| Date of publication, distribution, etc. | 2017. |
| 300 ## - PHYSICAL DESCRIPTION | |
| Extent | 400p. |
| Other physical details | all illustrations ; |
| Dimensions | 23 x 27 cm |
| 500 ## - GENERAL NOTE | |
| General note | Reproduction of 400 selected cartoons from the Shankar's weekly, June 20, 1948-May 17, 1964 |
| 504 ## - BIBLIOGRAPHY, ETC. NOTE | |
| Bibliography, etc | Includes index |
| 520 ## - SUMMARY, ETC. | |
| Summary, etc. | Shankar, as a political cartoonist, had drawn some 1,500 cartoons of Jawaharlal Nehru, most of them in Shankar’s Weekly. This compilation is made from nearly 400 cartoons from the Weekly. The volume is entitled ?Don’t Spare Me, Shankar?. These were Nehru’s words to Shankar when he inaugurated Shankar’s Weekly in 1948. Set in chronological order, the cartoons show the Nehru Era as Shankar saw it unfold itself. In them he has succeeded in capturing the essence of Nehru |
| 600 10 - SUBJECT ADDED ENTRY--PERSONAL NAME | |
| Personal name | Nehru, Jawaharlal |
| Dates associated with a name | 1889-1964 |
| General subdivision | Caricatures and cartoons. |
| 650 #0 - SUBJECT ADDED ENTRY--TOPICAL TERM | |
| Topical term or geographic name as entry element | Caricatures and cartoons |
| 650 #0 - SUBJECT ADDED ENTRY--TOPICAL TERM | |
| Topical term or geographic name as entry element | India Politics and government 1947 |
| General subdivision | Caricatures and cartoons |
| 650 #0 - SUBJECT ADDED ENTRY--TOPICAL TERM | |
| Topical term or geographic name as entry element | Nehru, Jawaharlal, 1889-1964 |
| 650 #0 - SUBJECT ADDED ENTRY--TOPICAL TERM | |
| Topical term or geographic name as entry element | Politics and government |
| 651 #0 - SUBJECT ADDED ENTRY--GEOGRAPHIC NAME | |
| Geographic name | India |
| 655 ## - INDEX TERM--GENRE/FORM | |
| Genre/form data or focus term | Caricatures and cartoons |
| 730 0# - ADDED ENTRY--UNIFORM TITLE | |
| Uniform title | Shankar's weekly. |
| 942 ## - ADDED ENTRY ELEMENTS (KOHA) | |
| Koha item type | Children's Collection |
| Source of classification or shelving scheme | Universal Decimal Classification |
| Withdrawn status | Lost status | Source of classification or shelving scheme | Damaged status | Not for loan | Home library | Current library | Shelving location | Date acquired | Source of acquisition | Total Checkouts | Full call number | Barcode | Date last seen | Price effective from | Koha item type |
|---|---|---|---|---|---|---|---|---|---|---|---|---|---|---|---|
| Universal Decimal Classification | NISER LIBRARY | NISER LIBRARY | 2nd Floor - Children's Collection | 04/03/2024 | NISER/LIB/BK/PO/2023-24/21 DATED 01/02/2024 : IN31408 DATED 19/02/2024 | 741.5:32 SHA-D | 24907 | 28/03/2024 | 28/03/2024 | Children's Collection |